000
00307nam a2200121Ia 4500
008
231106s2020 xx 000 0 und d
041
_a
eng
082
_a
751.42
100
_a
MARYLIN SCOTT
245
_a
COMPENDIUM OF DRAWING TECHNIQUES AND TRADE SECRETS
260
_b
SEARCH PRESS
_c
2020
300
_a
P-192
999
_c
920144
_d
920144